[Event "Voronezh op-B 23rd"]
[Site "Voronezh"]
[Date "2019.06.20"]
[Round "9"]
[White "Sadbhav, Rautela"]
[Black "Korolkov, Alexander"]
[Result "1-0"]
[WhiteElo "1608"]
[BlackElo "1748"]
[PlyCount "143"]
[EventDate "2019.06.12"]
[EventType "swiss"]
[EventRounds "9"]
[EventCountry "RUS"]
[SourceTitle "EXT 2020"]
[Source "ChessBase"]
[SourceDate "2019.10.17"]
[SourceVersion "1"]
[SourceVersionDate "2019.10.17"]
[SourceQuality "1"]

1. e4 c5 2. Nf3 Nc6 3. d4 cxd4 4. Nxd4 g6 5. c4 Bg7 6. Be3 Nf6 7. Nc3 0-0 8. Be2 d6 9. Qd2 Nxd4 10. Bxd4 Be6 11. f3 Rc8 12. Nd5 Bxd5 13. exd5 a6 14. 0-0 Nd7 15. Be3 Ne5 16. Rac1 f5 17. b3 Rf7 18. c5 f4 19. Bxf4 dxc5 20. Rc2 Qd6 21. Be3 Nd7 22. Rfc1 Kh8 23. b4 Rf5 24. bxc5 Qxd5 25. Qxd5 Rxd5 26. c6 Rxc6 27. Rxc6 bxc6 28. Rxc6 a5 29. Rc8+ Nf8 30. Kf2 h5 31. Bc5 Kh7 32. Bxe7 Nd7 33. Rd8 Bd4+ 34. Kf1 Bb6 35. Rc8 Rd2 36. a4 Kg7 37. Bd8 Rd6 38. Bb5 Ne5 39. Bxb6 Rxb6 40. Ra8 Nc6 41. Bxc6 Rxc6 42. Rxa5 Rc2 43. Kg1 Ra2 44. h4 Kf6 45. Kh2 Ke6 46. Kh3 Kf6 47. Kg3 Ke6 48. Kh3 Ra3 49. Kg3 Ra2 50. Rg5 Kf6 51. Ra5 Kf7 52. Kh3 Ra3 53. Ra6 Kg7 54. Kh2 Ra2 55. Kh3 Ra3 56. Kg3 Kf7 57. Kf4 Ra2 58. g4 hxg4 59. Kxg4 Rg2+ 60. Kf4 Rh2 61. Kg3 Ra2 62. Ra8 Kf6 63. a5 Ra4 64. f4 Ra1 65. a6 Kf7 66. Kg4 Rg1+ 67. Kf3 Ra1 68. Ke4 Ra4+ 69. Ke5 Ke7 70. a7 Ra5+ 71. Kd4 Kf7 72. Rh8 1-0

[Event "Voronezh op-B 22nd"]
[Site "Voronezh"]
[Date "2018.06.20"]
[Round "9"]
[White "Leolko, Ljudmila"]
[Black "Korolkov, Alexander"]
[Result "1/2-1/2"]
[WhiteElo "1901"]
[BlackElo "1734"]
[PlyCount "75"]
[EventDate "2018.06.12"]
[EventType "swiss"]
[EventRounds "9"]
[EventCountry "RUS"]
[SourceTitle "CBM 185 Extra"]
[Source "ChessBase"]
[SourceDate "2018.07.29"]
[SourceVersion "1"]
[SourceVersionDate "2018.07.29"]
[SourceQuality "1"]

1. d4 d5 2. c4 c6 3. g3 Bf5 4. Bg2 e6 5. Nf3 Nf6 6. 0-0 h6 7. Nbd2 Bd6 8. b3 0-0 9. Bb2 Nbd7 10. Re1 Ne4 11. Ne5 Bb4 12. Nxd7 Qxd7 13. Nxe4 Bxe4 14. Rf1 Bxg2 15. Kxg2 f5 16. e3 Rf6 17. Qd3 g5 18. f3 Raf8 19. e4 fxe4 20. fxe4 Qh7 21. Rxf6 Rxf6 22. a3 Ba5 23. b4 dxc4 24. Qe2 Bc7 25. d5 e5 26. Qxc4 Qf7 27. Rf1 cxd5 28. Rxf6 dxc4 29. Rxf7 Kxf7 30. Kf3 h5 31. g4 h4 32. h3 b5 33. Ke2 Kf6 34. Bc1 Bb6 35. Kd2 a5 36. Kc2 axb4 37. axb4 Bd4 38. Bd2 1/2-1/2

[Event "Saratov Region-ch"]
[Site "Saratov"]
[Date "2016.12.23"]
[Round "9"]
[White "Vdovin, Sergey"]
[Black "Korolkov, Alexander"]
[Result "1-0"]
[WhiteElo "1864"]
[BlackElo "1686"]
[PlyCount "85"]
[EventDate "2016.12.15"]
[EventType "swiss"]
[EventRounds "9"]
[EventCountry "RUS"]
[SourceTitle "EXT 2018"]
[Source "ChessBase"]
[SourceDate "2017.10.13"]
[SourceVersion "1"]
[SourceVersionDate "2017.10.13"]
[SourceQuality "1"]

1. e4 e6 2. d4 d5 3. e5 c5 4. Qg4 Nc6 5. Nf3 Qb6 6. Bd3 Bd7 7. 0-0 Nxd4 8. Nxd4 cxd4 9. a3 a5 10. Nd2 Bb5 11. Nf3 Ne7 12. Bxb5+ Qxb5 13. Nxd4 Qc4 14. b3 Qa6 15. a4 Ng6 16. Qg3 Be7 17. h4 Bxh4 18. Qh2 0-0 19. f4 Be7 20. Be3 Bc5 21. g4 Qb6 22. Rad1 Qc7 23. Bf2 Rac8 24. Rd2 Rfe8 25. Kg2 Bxd4 26. Bxd4 Nf8 27. f5 Qd7 28. f6 Rc7 29. g5 Qc8 30. Kf3 Rc3+ 31. Kf4 Ng6+ 32. Kg4 Rc6 33. Rc1 Nf8 34. Rf2 Rc7 35. Bb6 Rd7 36. Bxa5 Qc5 37. g6 fxg6 38. f7+ Rxf7 39. Rxf7 Kxf7 40. Qf4+ Kg8 41. Rf1 Qxc2 42. Qf7+ Kh8 43. Qxf8+ 1-0

[Event "Saratov Region-ch"]
[Site "Saratov"]
[Date "2016.12.21"]
[Round "7"]
[White "Korolkov, Alexander"]
[Black "Raisov, Idris"]
[Result "0-1"]
[WhiteElo "1686"]
[BlackElo "2031"]
[PlyCount "88"]
[EventDate "2016.12.15"]
[EventType "swiss"]
[EventRounds "9"]
[EventCountry "RUS"]
[SourceTitle "EXT 2018"]
[Source "ChessBase"]
[SourceDate "2017.10.13"]
[SourceVersion "1"]
[SourceVersionDate "2017.10.13"]
[SourceQuality "1"]

1. c4 Nf6 2. Nc3 e6 3. Nf3 d5 4. cxd5 exd5 5. d4 h6 6. Bf4 c6 7. h3 Bd6 8. Bxd6 Qxd6 9. e3 0-0 10. Bd3 Nbd7 11. 0-0 Re8 12. Rc1 Ne4 13. Qc2 Ndf6 14. Ne5 Nxc3 15. Qxc3 a5 16. Qc5 Qxc5 17. Rxc5 Nd7 18. Nxd7 Bxd7 19. a4 Kf8 20. Rfc1 Re7 21. b4 b6 22. R5c2 axb4 23. Rb2 Rxa4 24. Bc2 Ra5 25. Rxb4 b5 26. Kf1 Re8 27. Ke2 Ke7 28. Kd2 Kd6 29. Bd3 Ra2+ 30. Rc2 Rea8 31. Rbb2 Rxb2 32. Rxb2 Ra3 33. Kc2 Kc7 34. Rb3 Ra2+ 35. Rb2 Rxb2+ 36. Kxb2 Kb6 37. Kb3 c5 38. Bc2 b4 39. dxc5+ Kxc5 40. h4 Be6 41. Kb2 d4 42. Bd3 Bc4 43. Be4 dxe3 44. fxe3 Bd5 0-1

[Event "Saratov Region-ch"]
[Site "Saratov"]
[Date "2016.12.18"]
[Round "4"]
[White "Polyakov, Denis"]
[Black "Korolkov, Alexander"]
[Result "1-0"]
[WhiteElo "1974"]
[BlackElo "1686"]
[PlyCount "81"]
[EventDate "2016.12.15"]
[EventType "swiss"]
[EventRounds "9"]
[EventCountry "RUS"]
[SourceTitle "EXT 2018"]
[Source "ChessBase"]
[SourceDate "2017.10.13"]
[SourceVersion "1"]
[SourceVersionDate "2017.10.13"]
[SourceQuality "1"]

1. Nf3 d5 2. d4 g6 3. Bf4 Bg7 4. e3 Nf6 5. h3 0-0 6. Bd3 b6 7. 0-0 Ba6 8. Re1 Bxd3 9. Qxd3 Nbd7 10. Nbd2 c5 11. c3 Qc8 12. b4 c4 13. Qc2 Nh5 14. Bh2 f5 15. b5 e6 16. a4 h6 17. Bd6 Rf7 18. Nh4 Kh7 19. g4 Nhf6 20. f3 Qg8 21. e4 Bf8 22. exf5 exf5 23. Bxf8 Raxf8 24. Re6 Re8 25. Rae1 Rxe6 26. Rxe6 Nf8 27. Re2 Kh8 28. Nf1 fxg4 29. hxg4 Qh7 30. Qd2 N8d7 31. Ne3 Nf8 32. Neg2 N6d7 33. Re8 Kg7 34. Qe3 Nf6 35. Re5 N8d7 36. Re6 Nf8 37. Rd6 Kg8 38. Rd8 Re7 39. Qf4 Qg7 40. Qd6 Re6 41. Qxe6+ 1-0

[Event "Saratov Region-ch"]
[Site "Saratov"]
[Date "2016.12.15"]
[Round "1"]
[White "Korolkov, Alexander"]
[Black "Palin, Denis"]
[Result "0-1"]
[WhiteElo "1686"]
[BlackElo "2163"]
[PlyCount "36"]
[EventDate "2016.12.15"]
[EventType "swiss"]
[EventRounds "9"]
[EventCountry "RUS"]
[SourceTitle "EXT 2018"]
[Source "ChessBase"]
[SourceDate "2017.10.13"]
[SourceVersion "1"]
[SourceVersionDate "2017.10.13"]
[SourceQuality "1"]

1. c4 e5 2. Nc3 Nc6 3. Nf3 g6 4. g3 Bg7 5. Bg2 Nge7 6. 0-0 0-0 7. e3 d6 8. d4 exd4 9. exd4 Bg4 10. Ne2 d5 11. cxd5 Nxd5 12. Be3 Re8 13. Qd2 Qe7 14. Ne5 Nxe5 15. Bxd5 Nf3+ 16. Bxf3 Bxf3 17. Nc3 Qd7 18. Ne2 g5 0-1